| 000 | 00457nam a2200169 a 4500 | ||
|---|---|---|---|
| 005 | 20140412111225.0 | ||
| 008 | 011002s19uu xx 00 eng d | ||
| 020 | _a0-307-12834-2 | ||
| 050 |
_aER _bCa26 1995 |
||
| 100 | _aRossiter, Laura M. | ||
| 245 |
_aCasper / _cadapted by Laura M. Rossiter. |
||
| 260 |
_aNew York : _bA Golden Book, _c1995. |
||
| 300 | _a1 v. (unp.) ; ill. | ||
| 650 | _aGhost-Stories | ||
| 650 | _aGhost-Fiction | ||
| 999 |
_c102025 _d102025 |
||